| 000 | 00942nam a2200241Ia 4500 | ||
|---|---|---|---|
| 999 |
_c4332 _d4332 |
||
| 003 | OSt | ||
| 005 | 20200702202120.0 | ||
| 008 | 191128s1967 mx ab gr 000 0 spa d | ||
| 040 |
_aCO-JMCR _cCO-JMCR |
||
| 041 | 1 | _aspa | |
| 082 | 0 | 4 |
_a330.9597 / _bL433d _223 |
| 100 | 1 |
_aLe Chau., _eautor _96624 |
|
| 245 | 1 | 4 |
_aDel feudalismo al socialismo : _bla aconomía de Vietnan del Norte / _cLe Chau ; traductor, Blanc Nicole |
| 250 | _aPrimera edición | ||
| 260 |
_aMéxico : _bSiglo XXI Ed., _c1967. |
||
| 300 |
_a421 páginas : _b ilustraciones, mapas ; _c21 cm. |
||
| 505 | 0 | _aUn panorama de Vietnam -- La economía de Vietnam -- Teoría y práctica de la política económica de resistencia -- Política agricola de la economía de resistencia | |
| 650 | 1 | 4 |
_zVietnam del Norte _96625 |
| 650 | 2 | 4 |
_aCondiciones económicas _96626 |
| 650 | 2 | 4 |
_aPolítica económica _96627 |
| 700 | 1 |
_a Nicole Blanc, _etraductor _96628 |
|
| 942 |
_2ddc _cBK |
||